Le projet français de conquête de l'Égypte : sous le régne de Louis XVI.

محفوظ في:

المؤلف الرئيسي: Charles-Roux, François, 1879-

التنسيق: كتاب

اللغة: French

منشور في: Le Caire : Imprimerie de l'Institut français, d'Archéologie orientale, 1929.

سلاسل: Memoires de l'Institut d'Egypte ; 14.
MIE ; 14.

الموضوعات:

الوسوم: إضافة وسم

لا توجد وسوم, كن أول من يضع وسما على هذه التسجيلة!

رقم الطلب: DT43 .I625 v.14

LEADER 01115nam a2200301K 4500
001 4897
003 OSt
005 20260317062046.0
008 130303s1929 ua ef 000 0 fre d
035 |a ocm20443450 
040 |c ARCE Library 
043 |a f-ua---  |a e-fr--- 
050 4 |a DT43 .I625 v.14 
100 1 |a Charles-Roux, François,   |d 1879-  
245 1 3 |a Le projet français de conquête de l'Égypte :  |b sous le régne de Louis XVI. 
264 1 |a Le Caire :  |b Imprimerie de l'Institut français, d'Archéologie orientale,  |c 1929. 
300 |a 85 pages, [2] leaves of plates :  |b plans ;  |c 28 cm. 
490 1 |a Memoires de l'Institut d'Egypte ;   |v 14. 
490 1 |a MIE ;   |v 14. 
500 |a Title page : Mémoires présentés à l'Institut d'Égypte et publiés sous les auspices de Sa Majesté Fouad 1er, Roi d'Egypte. 
651 0 |a Egypt  |x Foreign relations  |z France. 
651 0 |a France  |x Foreign relations  |z Egypt. 
651 0 |a France   |x History, Military   |y 1774-1793. 
830 |a Memoires de l'Institut d'Egypte ;   |v 14. 
830 |a MIE ;   |v 14. 
901 |a reviewed 
942 |c BK  |2 lcc 
999 |c 5290  |d 5290